Glimpses of Life: (Record no. 208534)

MARC details
000 -LEADER
fixed length control field 00654nam a22001937a 4500
005 - DATE AND TIME OF LATEST TRANSACTION
control field 20250530160911.0
010 ## - LCCN (DPL NO)
LC control number ENG-143430 ENG-145081
020 ## - INTERNATIONAL STANDARD BOOK NUMBER
International Standard Book Number 8190282174
Terms of availability 300.00
035 ## - SYSTEM CONTROL NUMBER
System control number EN-126962
035 ## - SYSTEM CONTROL NUMBER
System control number EN-128613
037 ## - SOURCE OF ACQUISITION
Source of stock number/acquisition DBAD
082 ## - DEWEY DECIMAL CLASSIFICATION NUMBER
Classification number 881
100 ## - MAIN ENTRY--PERSONAL NAME
Personal name Reddy J. Bapu
245 ## - TITLE STATEMENT
Title Glimpses of Life:
Statement of responsibility, etc By J. Bapu Reddy
Remainder of title A Collection of Poem/
260 ## - PUBLICATION, DISTRIBUTION, ETC. (IMPRINT)
Place of publication, distribution, etc RAMACHILUKA, Plot No. 10 Road No. 5, Jubilee Hills, Hyderabad
Name of publisher, distributor, etc Jubilee Publications
270 ## - ADDRESS
Address RAMACHILUKA, Plot No. 10 Road No. 5, Jubilee Hills, Hyderabad
City Hyderabad
Postal code 500033
300 ## - PHYSICAL DESCRIPTION
Extent xiv,203p.
Dimensions 22cm(pb)
942 ## - ADDED ENTRY ELEMENTS (KOHA)
Source of classification or shelving scheme Dewey Decimal Classification
Item type English Books
Call number suffix RED
Classification part 881
Holdings
Withdrawn status Lost status Not for loan Collection code Home library Current library Date acquired Source of acquisition Cost, normal purchase price Full call number Barcode Copy number Cost, replacement price Koha item type
      Non-fiction Central Library Central Library 15/01/2025 DBAD 300.00 BAP 881 EN-126962 1 300.00 English Books
      Non-fiction RC3 Shakur Pur RC3 Shakur Pur 30/05/2025 Delivery of Books Act Division 300.00 RED 881 EN-128613 1 300.00 English Books

© Delhi Public Library
Hit Counter
free hit counter